Μεθοδολογία των προγραμμάτων επιστημονικής έρευνας

Αποθηκεύτηκε σε:
Λεπτομέρειες βιβλιογραφικής εγγραφής
Κύριος συγγραφέας: Lakatos, Imre
Μορφή: Βιβλίο
Γλώσσα:Greek
Δημοσίευση: Θεσσαλονίκη : Σύγχρονα θέματα, 1986
Σειρά:Προβλήματα μεθόδου και εξέλιξης της επιστήμης
Θέματα:
Ετικέτες: Προσθήκη ετικέτας
Δεν υπάρχουν, Καταχωρήστε ετικέτα πρώτοι!

MARC

LEADER 00000nam a2200000 i 4500
001 1/34307
008 960328s1986 gre d
035 |l 10024092 
040 |a GR-MY-UA  |b gre  |e aacr 
041 0 |a gre 
082 0 |a 120 
100 1 |a Lakatos, Imre. 
245 1 0 |a Μεθοδολογία των προγραμμάτων επιστημονικής έρευνας 
260 |a Θεσσαλονίκη :   |b Σύγχρονα θέματα,   |c 1986 
300 |a 286 σ. 
490 1 |a Προβλήματα μεθόδου και εξέλιξης της επιστήμης 
500 |a Τιτλ. Πρωτ. : The methology of scientific research programme 
650 0 0 |a Research. 
650 0 0 |a Science  |x Methodology. 
830 0 |a Προβλήματα μεθόδου και εξέλιξης της επιστήμης 
852 |a INST  |b CHIOS  |e 19960508  |h 120 LAK  |p 005200000184  |q 005200000184  |t BK  |y 0 
852 |a INST  |b CHIOS  |e 19960328  |h 120 LAK  |p 005200006668  |q 005200006668  |t BK  |y 0 
909 |a Χ  |b 005704 
909 |a Χ  |b 009616